MARC

Tag First Indicator Second Indicator Subfields
LEADER 00000cam a2200000Ia 4500
001 in00002000720
005 20151031123028.0
008 040810s2004 txua f s000 0 eng d
035 |a (OCoLC)ocm56124980 
040 |a IKM  |c IKM  |d TXA  |d UtOrBLW 
049 |a TXAM 
086 |a H600.5 C437 2004  |2 txdocs 
110 1 |a Texas.  |b Children with Special Health Care Needs. 
245 1 0 |a 2004 CSHCN provider manual /  |c Children with Special Health Care Needs Program. 
246 3 0 |a Provider manual 
246 3 0 |a CSHCN provider manual 
264 1 |a Austin, Tex. :  |b Texas Department of Health, Children with Special Health Care Needs ; Texas Medicaid & Healthcare Partnership,  |c 2004. 
300 |a 1 volume (various pagings) : illustrations ;  |c 28 cm. 
336 |a text  |b txt  |2 rdacontent 
337 |a unmediated  |b n  |2 rdamedia 
338 |a volume  |b nc  |2 rdacarrier 
500 |a Cover title. 
500 |a "Publication MC-B06"--Introduction, p. ii. 
500 |a "Publication number #07-11282"--Title page verso. 
500 |a "ProtectTexas." 
610 1 0 |a Texas.  |b Children with Special Health Care Needs. 
650 0 |a Health insurance claims  |z Texas  |v Handbooks, manuals, etc. 
650 0 |a Child health services  |z Texas. 
710 2 |a Texas Medicaid & Healthcare Partnership. 
710 1 |a Texas.  |b Department of Health. 
994 |a C0  |b TXA 
948 |a cataloged  |b h  |c 2004/10/13  |e avega  |f 1:27:46 pm 
999 |a MARS 
999 f f |s 43d24998-902c-33ea-b156-8db5a169d6b4  |i ddc6dc85-bd59-3219-9459-1fa971c4e405  |t 0 
952 f f |p normal  |a Texas A&M University  |b College Station  |c Sterling C. Evans Library  |d Evans: Texas Documents (Annex 5th floor)  |t 0  |e H600.5 C437 2004  |h Other scheme  |i unmediated -- volume  |m A14832119345 
998 f f |a H600.5 C437 2004  |t 0  |l Evans: Texas Documents (Annex 5th floor)